Sports Quiz

Random Sports Quiz

NASCAR The Winston/Sprint All-Star Race winners Quiz Stats

Quiz not verified by Sporcle

Challenge
Share
Tweet
Embed
Score 0/29 Timer 06:00
0 Plays Today
Year (Edition) Winner % Correct
1987 (III)Dale Earnhardt
100%
1990 (VI)Dale Earnhardt
100%
1993 (IX)Dale Earnhardt
100%
1995 (XI)Jeff Gordon
100%
1997 (XIII)Jeff Gordon
100%
2000 (XVI)Dale Earnhardt Jr.
100%
2001 (XVII)Jeff Gordon
100%
2012 (XXVIII)Jimmie Johnson
100%
2013 (XXIX)Jimmie Johnson
100%
1998 (XIV)Mark Martin
99.3%
2003 (XIX)Jimmie Johnson
99.3%
2005 (XXI)Mark Martin
99.3%
2006 (XXII)Jimmie Johnson
99.3%
2007 (XXIII)Kevin Harvick
98.6%
2010 (XXVI)Kurt Busch
98.6%
Year (Edition) Winner % Correct
1986 (II)Bill Elliott
97.2%
1996 (XII)Michael Waltrip
97.2%
2011 (XXVII)Carl Edwards
97.2%
1985 (I)Darrell Waltrip
96.5%
2004 (XX)Matt Kenseth
96.5%
2009 (XXV)Tony Stewart
96.5%
1991 (VII)Davey Allison
95.8%
1992 (VIII)Davey Allison
95.8%
2002 (XVIII)Ryan Newman
95.8%
1988 (IV)Terry Labonte
95.1%
1999 (XV)Terry Labonte
95.1%
2008 (XXIV)Kasey Kahne
95.1%
1989 (V)Rusty Wallace
92.3%
1994 (X)Geoffrey Bodine
81%

You're not logged in!

Compare scores with friends on all Sporcle quizzes.
Sign Up with Email
OR
Log In

You Might Also Like...

Show Comments

Extras

Top Quizzes Today


Score Distribution

Your Account Isn't Verified!

In order to create a playlist on Sporcle, you need to verify the email address you used during registration. Go to your Sporcle Settings to finish the process.